Statistics for North American Cities that I've Visited Picture Quiz

Click here to take the quiz!

General Stats

  • This quiz has been taken 37 times
  • The average score is 9 of 12

Answer Stats

Answer% Correct
New York
97%
Las Vegas
94%
Philadelphia
94%
Chicago
92%
Los Angeles
89%
Washington
89%
Quebec City
78%
Ottawa
69%
Seattle
67%
Vancouver
53%
Toronto
50%
San Francisco
44%

Score Distribution

Percentile by Number Answered

Percent of People with Each Score

Your Score History

You have not taken this quiz